Joueurs de l'équipe de France de football en 2023 - Statistiques

Statistiques générales
  • Ce quiz a été pris 998 fois
  • Le résultat moyen est 35 sur 46
Statistiques - réponses
Réponse % Correct
Kylian Mbappé
100%
Antoine Griezmann
99%
Lucas Hernández
97%
Theo Hernández
97%
Olivier Giroud
95%
Aurélien Tchouaméni
93%
Eduardo Camavinga
93%
Mike Maignan
93%
Adrien Rabiot
92%
Benjamin Pavard
92%
Hugo Lloris
92%
Ousmane Dembélé
92%
Randal Kolo Muani
91%
Jules Koundé
90%
Karim Benzema
90%
Kingsley Coman
89%
Dayot Upamecano
86%
Ibrahima Konaté
85%
N'Golo Kanté
85%
William Saliba
84%
Khéphren Thuram
83%
Marcus Thuram
83%
Brice Samba
82%
Raphaël Varane
81%
Alphonse Areola
80%
Mattéo Guendouzi
79%
Christopher Nkunku
78%
Jonathan Clauss
77%
Presnel Kimpembe
76%
Wesley Fofana
73%
Youssouf Fofana
73%
Ferland Mendy
70%
Warren Zaïre-Emery
67%
Moussa Diaby
65%
Steve Mandanda
65%
Lucas Digne
64%
Wissam Ben Yedder
64%
Jordan Veretout
62%
Alban Lafont
60%
Axel Disasi
58%
Boubacar Kamara
55%
Jean-Clair Todibo
53%
Malo Gusto
50%
Benoît Badiashile
44%
Castello Lukeba
40%
Adrien Truffert
32%
Aucun quiz correspondant
Distribution des résultats
% des personnes avec chaque résultat
Percentile par nombre de réponses
Votre historique - résultats
Vous n’avez pas pris ce quiz